000 00238nam a22000977a 4500
008 160510b xxu||||| |||| 00| 0 eng d
041 _aeng
080 _a61.39
245 _aHome medical encylopedia:
_cCharles B. clayman MD;
942 _2udc
_cBK
999 _c1974
_d1974